000 00672nam a2200241Ia 4500
003 OSt
005 20221005042014.0
006 a|||||r|||| 00| 0
007 ta
008 221004b |||||||| |||| 00| 0 eng d
024 _a51054
037 _cTextual
040 _aCRL
_cCRL
_beng
041 _2eng
_aeng
082 _aQ20j3:22, N3
100 _aDoniger Wendy Ed.
245 0 _aPurana perennis
_b Reciprocity and transformation in Hindu and Jaina texts
260 _aDelhi
_bSri Satguru Publications
_c1993
300 _a331p
_ccm.
650 _aRELIGION
942 _hQ20j3:22, N3
_cTEXL
_2cc
999 _c949474
_d949474